Report of the Bihar Jail Reforms Committee (Record no. 508312)

000 -LEADER
fixed length control field 00271nam a22000977a 4500
082 ## - DEWEY DECIMAL CLASSIFICATION NUMBER
Classification number Q93x5413 B489
100 ## - MAIN ENTRY--PERSONAL NAME
Personal name Bihar. Jail Reforms Committee, 1948
9 (RLIN) 3560
245 ## - TITLE STATEMENT
Title Report of the Bihar Jail Reforms Committee
260 ## - PUBLICATION, DISTRIBUTION, ETC. (IMPRINT)
Place of publication, distribution, etc Patna
Name of publisher, distributor, etc Government Press
Date of publication, distribution, etc 1949
300 ## - PHYSICAL DESCRIPTION
Extent 88p.
Holdings
Withdrawn status Lost status Source of classification or shelving scheme Damaged status Koha normalized classification for sorting Not for loan Permanent location Current location Date acquired Full call number Barcode Date last seen Price effective from Koha item type
        Q_93X5413_B489   Indian Institute of Public Administration Indian Institute of Public Administration 2019-03-19 Q93x5413 B489 GG33628 2019-03-19 2019-03-19 GG

Powered by Koha